The Secretary of State for Energy and Climate Change v Friends of the Earth and Others (Record no. 83731)

MARC details
000 -LEADER
fixed length control field 01327cad a22001935a 4500
001 - CONTROL NUMBER
control field L154878
008 - FIXED-LENGTH DATA ELEMENTS--GENERAL INFORMATION
fixed length control field 120126e2012 xxk 000 0 eng d
035 ## - SYSTEM CONTROL NUMBER
System control number (Sirsi) u154878
041 0# - LANGUAGE CODE
Language code of text/sound track or separate title eng
245 04 - TITLE STATEMENT
Title The Secretary of State for Energy and Climate Change v Friends of the Earth and Others
Medium [electronic resource]
260 ## - PUBLICATION, DISTRIBUTION, ETC.
Date of publication, distribution, etc. 2012
520 ## - SUMMARY, ETC.
Summary, etc. [2009] EWCA Civ 28, 25 January 2012. Government appealed against a High Court ruling that said it was unlawful for them to cut the Feed in Tariff Scheme (FiT) a subsidy that is paid to homeowners that sell electricity from their solar installation. Ministers had announced that the subsidy would be halved to 21p on 12 December 2011, 11 days before a consultation on the proposed cuts was due to end. "Held" Appeal dismissed. The Court of Appeal upheld the original ruling that the Department for Energy and Climate Change could not reduce the Feed-in Tariff subsidy paid to households and businesses. Following the High Court ruling, the government allowed the 43p tariff to remain in place until March 3 2012.
590 ## - LOCAL NOTE (RLIN)
Local note KA NTK
651 #4 - SUBJECT ADDED ENTRY--GEOGRAPHIC NAME
Geographic name England and Wales
Chronological subdivision 1543-
690 ## - LOCAL SUBJECT ADDED ENTRY--TOPICAL TERM (OCLC, RLIN)
Topical term or geographic name as entry element Energy
9 (RLIN) 6237
690 ## - LOCAL SUBJECT ADDED ENTRY--TOPICAL TERM (OCLC, RLIN)
Topical term or geographic name as entry element Sustainability
9 (RLIN) 6271
856 40 - ELECTRONIC LOCATION AND ACCESS
Uniform Resource Identifier <a href="https://www.bailii.org/ew/cases/EWCA/Civ/2012/28.html">https://www.bailii.org/ew/cases/EWCA/Civ/2012/28.html</a>
Public note View the law report free of charge at www.bailii.org
942 ## - ADDED ENTRY ELEMENTS (KOHA)
Suppress in OPAC 0
Holdings
Withdrawn status Lost status Source of classification or shelving scheme Damaged status Not for loan Home library Current library Shelving location Date acquired Total Checkouts Full call number Barcode Date last seen Copy number Price effective from Koha item type
    Dewey Decimal Classification     Virtual Virtual Online 26/01/2012   ONLINE PUBLICATION 154878-2001 06/08/2019 1 06/08/2019 Law report